Has the Romers' Narrative Approach Identified Monetary Policy Shocks? Federal Reserve Bank of Atlanta. Working Paper 93-1

Salvato in:
Dettagli Bibliografici
Autore principale: Leeper, Eric M.
Natura: Libro
Lingua:inglese
Pubblicazione: Atlanta Federal Reserve Bank of Atlanta 1993
Edizione:1. ed.
Serie:Working Paper Series
Soggetti:
Tags: Aggiungi Tag
Nessun Tag, puoi essere il primo ad aggiungerne!!

MARC

LEADER 00000nam a2200000 4500
001 c003090
005 20221206074525.8
041 0 |a eng 
044 |a US 
245 1 0 |a Has the Romers' Narrative Approach Identified Monetary Policy Shocks?  |b Federal Reserve Bank of Atlanta. Working Paper 93-1  |c Eric M. Leeper 
250 |a 1. ed. 
264 1 |a Atlanta  |b Federal Reserve Bank of Atlanta  |c 1993 
300 |a 22 s. 
490 1 |a Working Paper Series 
830 0 |a Working Paper Series 
610 2 0 |a politika finančná 
610 2 0 |a banky emisné 
610 2 0 |a Atlanta 
610 2 0 |a USA 
610 2 0 |a rady časové 
610 2 0 |a modely ekonomicko-matematické 
100 1 |a Leeper, Eric M.